000 00687nam a2200229Ia 4500
001 17859
003 GE_BSU
008 181216s||||||||xx |||||||||||||| ||und||
040 _cGE_BSU
080 _a54.14:66(076)
100 _aФрайшат,Д.М.
245 _aРеактивы и препараты. Хранение и перевозка.
245 _bПрактическое пособие.
245 _cРед. Л.М.Ларичева.
260 _aМ.
260 _bХимия.
260 _c1977.
300 _a424 стр. 23 см. Список литературы 94.
300 _e25 табл.
653 _aРеактивы и препараты.
942 _cBK
999 _c50904
_d50904